000 01819cam a22004934i 4500
003 PE-LiUPU
005 20250731165545.0
008 150625s r 000 0 d
035 _a(Sirsi) a33926
035 _a(Sirsi) a33926
040 _aPE-LiUPU
_bspa
_cPE-LiUPU
_erda
082 0 4 _a985.04
_bD
_223
100 1 _aVidaurre Manuel Lorenzo de,,
_eautor.
245 1 4 _a Los Ideólogos :
_nVolumen 6.
_bCartas Américanas /
_cManuel Lorenzo de Vidaurre ; edición y prólogo de Alberto Tauro.
264 1 _aLima :
_bComisión Nacional del Sesquicentenario de la Independencia del Perú,
_c1973.
300 _a569 páginas ;
_c24 centímetros.
336 _atext
_2rdacontent
337 _aunmediated
_2rdamedia
338 _avolume
_2rdacarrier
490 0 _aColección Documental de la Independencia del Perú ;
_vt1
505 _aCartas contenidas en el primer volumen, y escritas todas en Lima -- Cartas contenidas en el segundo volumen -- Suplemento a las cartas americanas -- Addenda.
526 _aSEG44
526 _aSEG26
526 _aP151
526 _aP150
526 _aP149
526 _aP146
526 _aP145
526 _aP126
526 _aP125
526 _aP92
526 _aP75
526 _aP74
526 _aP27
526 _aP15
600 1 _aVidaurre, Manuel Lorenzo de.
_d1773-1841
651 _aPerú
_xHistoria
_yEmancipación, 1808-1824
_94510
651 _aPerú
_xHistoria
_yRepública, 1825-
_vDocumentos.
700 1 _aTauro, Alberto,
_d1914-1994.
942 _2ddc
_cBK
949 _aRC 985 D 1 / 6
_wDEWEY
_c1
_i16968
_lRC
_mBUL
_r0
_sY
_tBOOK
_u2015-6-25
_xBIBLIOTECA
_zUNKNOWN
_0COMPRA
_o.CIRCNOTE. No olvidar cambiar la fecha de devolución!!!!!!!
_o.STAFF. Colección General
980 _81
_gALBERTO SANCHEZ Responsable de Automatización
999 _c41727
_d41727